000 00776nam a22002297a 4500
999 _c11553
_d11553
003 AR-CdUCM
008 190321b ||||| |||| 00| 0 eng d
020 _a0-671-74172-1
040 _aMUNICIPALIDAD PROVINCIAL DEL CUSCO
_cBIBLIOTECA MUNICIPAL DEL CUSCO
082 _aES / 423 /
_bD73
_24ed.
110 _aPocket books
_928971
245 _aThe university of Chicago :
_bSpanish-english y English.spanish /
260 _aNew York :
_bPocket books,
_c1940.
300 _a475 páginas ;
_c17 cm.
505 _aContenido : Diccionario español - inglés.
650 _aDiccionario
_95196
650 _aEspañol - inglés
_921806
700 _aCastillo, Carlos (recopilador)
_928972
700 _aBond, Otto F. (recopilador)
_928973
942 _2ddc
_cLIBROS
945 _arum